00669nam a22001937a 450000500170000001000150001702000260003203500140005803700130007208200080008510000240009324500530011726000360017027000550020630000190026194200220028099900190030295201540032120241011154753.0 aENG-142117 c250.00a9789357943222 aEN-125649 bDBAD/PUB a822 aWilde, Oscar972735 aThe Importance of Being Earnest/cby Oscar Wilde aNew DelhibV&S Publishersc2024 bNew Delhiaf-2/16, Ansari Road, Darya Ganje110002 a97p.c22cm(pb) 2ddccENh822mWIl c206346d206346 001040708NFICaZLSbZLSd2024-10-11eDelivery of Books Act Divisiong250.00l0o822 WILpEN-125649r2024-10-11 00:00:00t1v250.00w2024-10-11yEN